Clarificación de valores y desarrollo humano: estrategias para la escuela
El objetivo de este libro es el desarrollo del sentido de valores en la escuela mediante la atención al proceso de valoración desde el enfoque de la sicología humanista.
Gespeichert in:
| 1. Verfasser: | |
|---|---|
| Format: | Buch |
| Sprache: | Spanish |
| Veröffentlicht: |
Madrid:
Narcea,
1995
|
| Ausgabe: | 2 ed. |
| Schriftenreihe: | Colección educación hoy
|
| Schlagworte: | |
| Online Zugang: | Enlace del recurso |
| Tags: |
Tag hinzufügen
Keine Tags, Fügen Sie den ersten Tag hinzu!
|
MARC
| LEADER | 00000nam a2200000 a 4500 | ||
|---|---|---|---|
| 001 | 000956 | ||
| 008 | 030425s1995 sp a fr# #000|0#spa#d | ||
| 020 | |a 84-277-0823-8 | ||
| 041 | 0 | |a spa | |
| 043 | |a e-sp--- | ||
| 082 | 0 | 4 | |a 370.114 |b P171c |
| 100 | 1 | |a Pascual Marina, Antonia V. | |
| 245 | 1 | 0 | |a Clarificación de valores y desarrollo humano: |b estrategias para la escuela |c Antonia V. Pascual Marina |
| 250 | |a 2 ed. | ||
| 260 | |a Madrid: |b Narcea, |c 1995 | ||
| 300 | |a 206 p.: |b il., gráf., tabl. | ||
| 440 | 0 | |a Colección educación hoy | |
| 504 | |a Incluye bibliografía. | ||
| 520 | 3 | |a El objetivo de este libro es el desarrollo del sentido de valores en la escuela mediante la atención al proceso de valoración desde el enfoque de la sicología humanista. | |
| 650 | 1 | 4 | |a EDUCACIÓN EN VALORES |
| 650 | 1 | 4 | |a SOCIOLOGÍA DE LA EDUCACIÓN |
| 999 | |c 3108 |d 3108 | ||
| 856 | |u https://catalogo.idep.edu.co/cgi-bin/koha/opac-detail.pl?biblionumber=3108 |z Enlace del recurso | ||